000 00248nam a2200097Ia 4500
001 1206536
005 20251020104901.0
008 250824s9999 xx 000 0 und d
245 0 _aGECENİN GECESİ
_cHASAN ALİ TOPTAŞ
260 _bEVEREST YAYINLARI
999 _c1206536
_d1206536